000 00802 a2200253 4500
003 OSt
005 20180116192358.0
008 120702t xxu||||| |||| 00| 0 eng d
010 _a 2010283092
020 _a0714846244 (hbk.)
020 _a9780714846248 (hbk.)
035 _a(OCoLC)ocm70764986
040 _c0
082 0 4 _a709.52
100 1 _aCalza, Gian Carlo.
_95220
245 1 0 _aJapan style /
_cGian Carlo Calza.
260 _aLondon ;
_aNew York :
_bPhaidon,
_c2007.
300 _a303 p. :
_bcol. ill. ;
_c28 cm.
500 _a"Text published in Italian by Giulio Einaudi Editore, 2002"--Colophon.
650 1 0 _aAesthetics, Japanese.
_95221
650 1 0 _aArt, Japanese.
_95222
942 _aSADA
_cBK
_k709.52 CAL 2007
_2ddc
999 _c353202
_d353202